|
|
|
|
| LEADER |
03170nam a22004815i 4500 |
| 001 |
978-3-540-77966-7 |
| 003 |
DE-He213 |
| 005 |
20151116135732.0 |
| 007 |
cr nn 008mamaa |
| 008 |
100301s2008 gw | s |||| 0|eng d |
| 020 |
|
|
|a 9783540779667
|9 978-3-540-77966-7
|
| 024 |
7 |
|
|a 10.1007/978-3-540-77966-7
|2 doi
|
| 040 |
|
|
|d GrThAP
|
| 050 |
|
4 |
|a QA76.758
|
| 072 |
|
7 |
|a UMZ
|2 bicssc
|
| 072 |
|
7 |
|a COM051230
|2 bisacsh
|
| 082 |
0 |
4 |
|a 005.1
|2 23
|
| 245 |
1 |
0 |
|a Hardware and Software: Verification and Testing
|h [electronic resource] :
|b Third International Haifa Verification Conference, HVC 2007, Haifa, Israel, October 23-25, 2007. Proceedings /
|c edited by Karen Yorav.
|
| 264 |
|
1 |
|a Berlin, Heidelberg :
|b Springer Berlin Heidelberg,
|c 2008.
|
| 300 |
|
|
|a XII, 267 p.
|b online resource.
|
| 336 |
|
|
|a text
|b txt
|2 rdacontent
|
| 337 |
|
|
|a computer
|b c
|2 rdamedia
|
| 338 |
|
|
|a online resource
|b cr
|2 rdacarrier
|
| 347 |
|
|
|a text file
|b PDF
|2 rda
|
| 490 |
1 |
|
|a Lecture Notes in Computer Science,
|x 0302-9743 ;
|v 4899
|
| 505 |
0 |
|
|a Invited Talks -- Simulation vs. Formal: Absorb What Is Useful; Reject What Is Useless -- Scaling Commercial Verification to Larger Systems -- From Hardware Verification to Software Verification: Re-use and Re-learn -- Where Do Bugs Come from? -- HVC Award -- Symbolic Execution and Model Checking for Testing -- Hardware Verification -- On the Characterization of Until as a Fixed Point Under Clocked Semantics -- Reactivity in SystemC Transaction-Level Models -- Model Checking -- Verifying Parametrised Hardware Designs Via Counter Automata -- How Fast and Fat Is Your Probabilistic Model Checker? An Experimental Performance Comparison -- Dynamic Hardware Verification -- Constraint Patterns and Search Procedures for CP-Based Random Test Generation -- Using Virtual Coverage to Hit Hard-To-Reach Events -- Merging Formal and Testing -- Test Case Generation for Ultimately Periodic Paths -- Dynamic Testing Via Automata Learning -- Formal Verification for Software -- On the Architecture of System Verification Environments -- Exploiting Shared Structure in Software Verification Conditions -- Delayed Nondeterminism in Model Checking Embedded Systems Assembly Code -- A Complete Bounded Model Checking Algorithm for Pushdown Systems -- Software Testing -- Locating Regression Bugs -- The Advantages of Post-Link Code Coverage -- GenUTest: A Unit Test and Mock Aspect Generation Tool.
|
| 650 |
|
0 |
|a Computer science.
|
| 650 |
|
0 |
|a Software engineering.
|
| 650 |
|
0 |
|a Programming languages (Electronic computers).
|
| 650 |
|
0 |
|a Computer logic.
|
| 650 |
1 |
4 |
|a Computer Science.
|
| 650 |
2 |
4 |
|a Software Engineering.
|
| 650 |
2 |
4 |
|a Logics and Meanings of Programs.
|
| 650 |
2 |
4 |
|a Programming Languages, Compilers, Interpreters.
|
| 700 |
1 |
|
|a Yorav, Karen.
|e editor.
|
| 710 |
2 |
|
|a SpringerLink (Online service)
|
| 773 |
0 |
|
|t Springer eBooks
|
| 776 |
0 |
8 |
|i Printed edition:
|z 9783540779643
|
| 830 |
|
0 |
|a Lecture Notes in Computer Science,
|x 0302-9743 ;
|v 4899
|
| 856 |
4 |
0 |
|u http://dx.doi.org/10.1007/978-3-540-77966-7
|z Full Text via HEAL-Link
|
| 912 |
|
|
|a ZDB-2-SCS
|
| 912 |
|
|
|a ZDB-2-LNC
|
| 950 |
|
|
|a Computer Science (Springer-11645)
|